| 000 | 00491nam a22001577a 4500 | ||
|---|---|---|---|
| 008 | 151105b xxu||||| |||| 00| 0 eng d | ||
| 020 | _a270730025x | ||
| 050 | _aPQ2635.O1117 Z76 | ||
| 100 |
_aMorrissette, Bruce _920990 |
||
| 245 |
_aLes Romans de Robbe-Grillet: _bpreface de roland barthes _c/by Bruce Morrissette |
||
| 260 |
_aParis _bLes editions de minuit _c1963 |
||
| 300 |
_a308p. ; _c22cm |
||
| 440 |
_aArguments _920991 |
||
| 650 |
_aRobbe-Grillet _920992 |
||
| 942 |
_2lcc _cMONOGRAPH |
||
| 999 |
_c123758 _d123758 |
||